000 01036cam a2200289 4500
001 1254228
003 NUST-PNEC
005 20170116180712.0
008 720204s1972 nyua b 001 0 eng
010 _a 73130674
020 _a0070287341
040 _cPNEC
050 0 0 _aTA151
_b.H52
082 0 0 _a620.0202 HIC
100 1 _aHicks, Tyler Gregory,
_d1921-
245 1 0 _aStandard handbook of engineering calculations.
_cTyler G. Hicks, editor.
260 _aNew York,
_bMcGraw-Hill
_c[1972]
300 _a1 v. (various pagings)
_billus.
_c23 cm.
350 _a$18.50
490 0 _aMcGraw-Hill handbook series
500 _aIncludes Index http://www.amazon.com/Standard-Handbook-Engineering-Calculations-McGraw-Hill/dp/0070287341/ref=sr_1_1?s=books&ie=UTF8&qid=1413364343&sr=1-1&keywords=0070287341
504 _aIncludes bibliographical references.
650 0 _aEngineering mathematics
_xME
740 _aHandbook of engineering calculations.
906 _a7
_bcbc
_corignew
_d1
_encip
_f19
_gy-gencatlg
942 _2ddc
_cBK
999 _c61035
_d61035